| 000 | 00871nam a22001935i 4500 | ||
|---|---|---|---|
| 001 | 155048 | ||
| 003 | ES-MaACL | ||
| 005 | 20230906205938.0 | ||
| 008 | 040720s1893 sp |||| | spa d | ||
| 040 |
_aCAM _bspa _cCAM |
||
| 100 | 0 |
_aHaeckel, Ernst. _9187919 |
|
| 245 | 1 | 3 |
_aEl monismo como nexo entre la religion y la ciencia _b: profesión de fe de un naturalista / _cpor Ernesto Haeckel ; versión española de M. Pino G. ; publicada por A. Machado Núñez. |
| 260 |
_aMadrid : _b[s.n.], _c1893 ( _fImprenta de Fernando Cao y Domingo de Val) |
||
| 300 |
_a46 p. ; _c23 cm. |
||
| 650 | 0 | 4 |
_aMonismo. _915169 |
| 700 | 1 |
_aMachado y Núñez, Antonio, _d1812-1896 _9129286 |
|
| 852 |
_aES-MaACL _jT-689-F-3 _z-- Enc. hol. conservando la cub. original _z-- Enc. en un vol. facticio _z.- Dedicatoria manuscrita de Antonio Machado y Nuñez |
||
| 999 |
_c155048 _d155048 |
||